Cinco conceptos propuestos al psicoanálisis / (Record no. 142032)

MARC details
000 -LEADER
campo de control de longitud fija 02622nam a2200385 i 4500
001 - NÚMERO DE CONTROL
campo de control ELB76922
003 - IDENTIFICADOR DE NÚMERO DE CONTROL
campo de control FlNmELB
006 - CÓDIGOS DE INFORMACIÓN DE LONGITUD FIJA--CARACTERÍSTICAS DEL MATERIAL ADICIONAL
campo de control de longitud fija m o d |
007 - CAMPO FIJO DE DESCRIPCIÓN FÍSICA--INFORMACIÓN GENERAL
campo de control de longitud fija cr cnu||||||||
008 - DATOS DE LONGITUD FIJA--INFORMACIÓN GENERAL
campo de control de longitud fija 140910s2013 ag o 000 0 spa d
020 ## - NÚMERO INTERNACIONAL ESTÁNDAR DEL LIBRO
Número Internacional Estándar del Libro 9781449204754 (e-book)
020 ## - NÚMERO INTERNACIONAL ESTÁNDAR DEL LIBRO
ISBN cancelado o inválido 9789871772551
035 ## - NÚMERO DE CONTROL DEL SISTEMA
Número de control de sistema (MiAaPQ)EBC3223693
035 ## - NÚMERO DE CONTROL DEL SISTEMA
Número de control de sistema (Au-PeEL)EBL3223693
035 ## - NÚMERO DE CONTROL DEL SISTEMA
Número de control de sistema (CaPaEBR)ebr10914347
035 ## - NÚMERO DE CONTROL DEL SISTEMA
Número de control de sistema (OCoLC)949118887
040 ## - FUENTE DE CATALOGACIÓN
Centro catalogador/agencia de origen FINmELB
Lengua de catalogación spa
Normas de descripción rda
Centro/agencia transcriptor FINmELB
050 #4 - SIGNATURA TOPOGRÁFICA DE LA BIBLIOTECA DEL CONGRESO
Número de clasificación BF173
Número de ítem .J947 2013
082 0# - NÚMERO DE LA CLASIFICACIÓN DECIMAL DEWEY
Número de clasificación 150.195
Número de edición 23
100 1# - ENTRADA PRINCIPAL--NOMBRE DE PERSONA
Nombre de persona Jullien, Franðcois.
245 10 - MENCIÓN DEL TÍTULO
Título Cinco conceptos propuestos al psicoanálisis /
Mención de responsabilidad, etc. Franðcois Jullien.
264 #1 - PRODUCCIÓN, PUBLICACIÓN, DISTRIBUCIÓN, FABRICACIÓN Y COPYRIGHT
Producción, publicación, distribución, fabricación y copyright Buenos Aires :
Nombre del de productor, editor, distribuidor, fabricante El cuenco de plata,
Fecha de producción, publicación, distribución, fabricación o copyright 2013.
300 ## - DESCRIPCIÓN FÍSICA
Extensión 1 recurso en línea (140 páginas)
336 ## - TIPO DE CONTENIDO
Término de tipo de contenido texto
Código de tipo de contenido txt
Fuente rdacontent/spa
337 ## - TIPO DE MEDIO
Nombre/término del tipo de medio computadora
Código del tipo de medio c
Fuente rdamedia/spa
338 ## - TIPO DE SOPORTE
Nombre/término del tipo de soporte recurso en línea
Código del tipo de soporte cr
Fuente rdacarrier/spa
520 ## - RESUMEN, ETC.
Sumario, etc. A pesar de la revolución que efectúa, no sigue dependiendo Freud de herramientas intelectuales europeas? Y no deja por ello en la sombra determinados aspectos de la práctica analítica que su teoría no pudo explorar? Y cómo se puede dar cuenta de ello, si no es saliendo de Europa? Propongo aquí cinco conceptos, abstraídos del pensamiento chino, en los cuales lo que sucede en la cura podría reflejarse y tal vez explicitarse mejor. Cada uno realiza un desfasaje: la disponibilidad con respecto a la atención del psicoanalista; la alusividad con respecto al decir del analizante; el sesgo con respecto a la ambición del método; la des-fijación con respecto a la apuesta misma de la cura; la transformación silenciosa, por último, con respecto a la exigencia de la acción y de su resultado. Otras tantas aproximaciones que muestran el psicoanálisis desde una perspectiva oblicua, revelando un carácter impensado. Pero ese carácter impensado, no es también el del pensamiento europeo revelado en sus prejuicios? Por lo cual es pertinente introducir el pensamiento chino de donde provienen esas nociones que, trasladadas al terreno del psicoanálisis, se ponen nuevamente a trabajar.g3s.
588 ## - NOTA DE FUENTE DE LA DESCRIPCIÓN
Nota de fuente de la descripción Descripción basada en recurso en línea; Título de la página del título en PDF (e-libro, visto September 11, 2013).
590 ## - NOTA LOCAL (RLIN)
Nota local Recurso electrónico. Santa Fe, Arg.: e-libro, 2015. Disponible vía World Wide Web. El acceso puede estar limitado para las bibliotecas afiliadas a e-libro.
650 #0 - PUNTO DE ACCESO ADICIONAL DE MATERIA--TÉRMINO DE MATERIA
Término de materia o nombre geográfico como elemento de entrada Psychoanalysis.
650 #4 - PUNTO DE ACCESO ADICIONAL DE MATERIA--TÉRMINO DE MATERIA
Término de materia o nombre geográfico como elemento de entrada Psicoanálisis.
655 #4 - TERMINO DE INDIZACIÓN--GENERO/FORMA
Datos o término principal de género/forma Libros electrónicos.
797 2# - PUNTO DE ACCESO ADICIONAL LOCAL--NOMBRE DE ENTIDAD CORPORATIVA (RLIN)
Nombre de entidad corporativa o nombre de jurisdicción como elemento de entrada e-libro, Corp.
856 40 - LOCALIZACIÓN Y ACCESO ELECTRÓNICOS
Identificador Uniforme de Recurso <a href="https://elibro.net/ereader/usam/76922">https://elibro.net/ereader/usam/76922</a>
Holdings
Estatus retirado Estado de pérdida Estado de daño No para préstamo Biblioteca de origen Biblioteca actual Fecha de adquisición Total de préstamos Visto por última vez Precio de reemplazo Tipo de ítem Koha
        Recursos Digitales Recursos Digitales 26/03/2025   26/03/2025 26/03/2025 Libros Electrónicos